00941cam a22002777a 4500999001700000001000900017005001700026008004100043010001700084020002500101020002200126035002400148040001800172042001400190050002100204100002200225245004500247250002500292260004800317300002900365500003200394504006000426650002400486942003200510952012100542 c25978d259781578935920170201155102.0090624r20101980nyua b 001 0 eng d a 2009931354 a9780823016228 (pbk.) a0823016226 (pbk.) a(OCoLC)ocn611534494 aCLEcCLEdDLC alccopycat00aNC660b.K34 20101 aKaupelis, Robert.10aExperimental drawing /cRobert Kaupelis. a30th anniversary ed. aNew York :bWatson-Guptill,c[2010], c1980. a192 p. :bill. ;c28 cm. aOriginally published: 1980. aIncludes bibliographical references (p. 188) and index. 0aDrawingxTechnique. 2lcccBOOKShNC660 .K34 2010 00102lcc4070aMUCbMUCcTECHd2017-02-01eDonation(BFA)l0oNC660 .K34 2010p33525r2018-08-07w2017-02-01yBOOKS